000 00903cam a2200265 a 4500
999 _c330044
_d330044
001 16826888
003 NUST
005 20170606125214.0
008 110614s2001 cauab b 001 0 eng
010 _a 2011411430
020 _a053437798X (instructor's ed.)
020 _a0534513832 (student version)
040 _aDLC
_cDLC
042 _apcc
050 0 0 _aQE38
_b.P48 2001
082 _a550 PIP
100 1 _aPipkin, Bernard W.
_92079
245 1 0 _aGeology and the environment /
_cBernard W. Pipkin, D.D. Trent..
250 _a3rd ed.
260 _aPacific Grove, CA :
_bBrooks/Cole,
_cc2001.
300 _a8, xx, 569 p. :
_bill. (some col.), col. maps ;
_c28 cm.
504 _aIncludes bibliographical references and index.
650 0 _aEnvironmental geology
_vTextbooks.
_92080
700 1 _aTrent, D. D.
_92081
906 _a7
_bcbc
_corigcop
_d3
_encip
_f20
_gy-gencatlg
942 _2ddc
_cBK
_k550 PIP